[Event "Bad Woerishofen op"]
[Site "?"]
[Date "2003.??.??"]
[Round "7"]
[White "Wiessner, Johann"]
[Black "Kuhn, Hans"]
[Result "1/2-1/2"]
[WhiteElo "1586"]
[BlackElo "1311"]
[Annotator "ChessOrg"]
[PlyCount "112"]

1. d4 d5 2. c4 e6 3. g3 Nf6 4. Bg2 Be7 5. Nf3 O-O 6. Qc2 b6 7. cxd5 Nxd5 8. O-O
Bb7 9. Nc3 Nxc3 10. Qxc3 Nd7 11. b3 c5 12. Be3 Bf6 13. Rad1 Rc8 14. Qd3 Qe7 15.
dxc5 Nxc5 16. Bxc5 Qxc5 17. Qb1 Qc2 18. Rd7 Qxb1 19. Rxb1 Bxf3 20. Bxf3 a5 21.
Rb7 Rb8 22. Rd7 Rfd8 23. Rbd1 Rxd7 24. Rxd7 Rd8 25. Rxd8+ Bxd8 26. a4 g5 27. e4
e5 28. Bg4 f6 29. Kf1 Be7 30. Ke2 Bc5 31. f3 Kf7 32. Bf5 h6 33. Kd3 Ke7 34. Kc4
Kd6 35. h3 Bf2 36. g4 Bc5 37. Kb5 Kc7 38. Be6 Bb4 39. Kc4 Kd6 40. Bd5 Bc5 41.
Kb5 Kc7 42. Ka6 Bb4 43. Kb5 Bc5 44. Kc4 Bb4 45. Bf7 Kd6 46. Kb5 Bc5 47. Ka6 Kc7
48. Kb5 Kd6 49. Kc4 Bb4 50. Bd5 Bc5 51. Kd3 Bb4 52. Ke2 Kc5 53. Kf2 Kd4 54. Ke2
Bc5 55. Bc4 Bb4 56. Kf2 Bc5 1/2-1/2

[Event "Bad Woerishofen op"]
[Site "?"]
[Date "2003.??.??"]
[Round "7"]
[White "Werninghaus, Klaus-Peter"]
[Black "Dittlow, Holger"]
[Result "1/2-1/2"]
[WhiteElo "1504"]
[BlackElo "1430"]
[Annotator "ChessOrg"]
[PlyCount "56"]

1. c4 e5 2. Nc3 Nf6 3. Nf3 Bb4 4. g3 Nc6 5. Bg2 d6 6. O-O O-O 7. d3 Re8 8. Bd2
Bxc3 9. Bxc3 Bf5 10. e4 Bg4 11. b4 a6 12. Re1 Nd7 13. Qd2 Qe7 14. a4 Qf6 15.
Qe3 h6 16. b5 Nd8 17. d4 Bxf3 18. Qxf3 Qxf3 19. Bxf3 exd4 20. Bxd4 c5 21. bxc6
Nxc6 22. Red1 Nxd4 23. Rxd4 Nc5 24. Rxd6 Nxe4 25. Bxe4 Rxe4 26. Rc1 Rc8 27. Rb1
Rcxc4 28. Rxb7 Rcd4 1/2-1/2

[Event "Bad Woerishofen op"]
[Site "?"]
[Date "2003.??.??"]
[Round "8"]
[White "Savchenko, Stanislav"]
[Black "Rotstein, Arkadij"]
[Result "1/2-1/2"]
[WhiteElo "2539"]
[BlackElo "2544"]
[Annotator "ChessOrg"]
[PlyCount "34"]

1. d4 d5 2. c4 c6 3. Nf3 Nf6 4. e3 a6 5. Nbd2 Bf5 6. Qb3 Qc7 7. Bd3 Bxd3 8.
Qxd3 e6 9. O-O Be7 10. e4 O-O 11. Rd1 dxe4 12. Nxe4 Nbd7 13. Nxf6+ Nxf6 14. Bg5
Rfd8 15. Qe2 a5 16. b3 h6 17. Bxf6 Bxf6 1/2-1/2

[Event "Bad Woerishofen op"]
[Site "?"]
[Date "2003.??.??"]
[Round "8"]
[White "Korneev, Oleg"]
[Black "Prie, Eric"]
[Result "1-0"]
[WhiteElo "2613"]
[BlackElo "2446"]
[Annotator "ChessOrg"]
[PlyCount "73"]

1. e4 c6 2. d4 d5 3. Nc3 g6 4. e5 f6 5. f4 Nh6 6. Nf3 Bg7 7. Be3 Qb6 8. Na4
Qa5+ 9. c3 Nd7 10. b4 Qc7 11. h3 b5 12. Nc5 Nxc5 13. bxc5 Rb8 14. g4 Nf7 15.
Bd3 O-O 16. O-O Bh8 17. Qd2 f5 18. g5 Bg7 19. Rf2 Nh8 20. h4 Kf7 21. h5 Rg8 22.
a4 a6 23. Rh2 e6 24. Kf2 Bd7 25. Rhh1 Be8 26. axb5 axb5 27. Ra6 Ke7 28. h6 Bf8
29. Rha1 Nf7 30. Ra7 Rb7 31. Ra8 Nd8 32. Ne1 Rb8 33. Nc2 Rxa8 34. Rxa8 Bd7 35.
Nb4 Bc8 36. Qa2 Bb7 37. Qa7 1-0

[Event "Bad Woerishofen op"]
[Site "?"]
[Date "2003.??.??"]
[Round "8"]
[White "Teske, Henrik"]
[Black "Kengis, Edvins"]
[Result "1/2-1/2"]
[WhiteElo "2531"]
[BlackElo "2578"]
[Annotator "ChessOrg"]
[PlyCount "24"]

1. Nf3 c5 2. c4 g6 3. Nc3 Bg7 4. g3 Nc6 5. Bg2 d6 6. O-O e5 7. a3 a5 8. d3 Nge7
9. Rb1 O-O 10. Bd2 h6 11. Ne1 Be6 12. Nd5 Rb8 1/2-1/2

[Event "Bad Woerishofen op"]
[Site "?"]
[Date "2003.??.??"]
[Round "8"]
[White "Georgiev, Vladimir"]
[Black "Handke, Florian"]
[Result "1-0"]
[WhiteElo "2549"]
[BlackElo "2516"]
[Annotator "ChessOrg"]
[PlyCount "55"]

1. c4 c5 2. Nc3 Nc6 3. g3 g6 4. Bg2 Bg7 5. a3 a5 6. Nf3 d6 7. O-O e5 8. d3 Nge7
9. Ne1 O-O 10. Nc2 Rb8 11. Bg5 f6 12. Bd2 Nd4 13. Nxd4 exd4 14. Nd5 Re8 15. b4
axb4 16. axb4 Nxd5 17. Bxd5+ Be6 18. Bf3 b6 19. bxc5 bxc5 20. Ra6 Bf8 21. Qa1
Bc8 22. Ra7 Qb6 23. Ra2 Qb3 24. Ba5 Bb7 25. Ra3 Bxf3 26. Rxb3 Rxb3 27. exf3 Ra8
28. Qe1 1-0

[Event "Bad Woerishofen op"]
[Site "?"]
[Date "2003.??.??"]
[Round "8"]
[White "Kveinys, Aloyzas"]
[Black "Jenni, Florian"]
[Result "1-0"]
[WhiteElo "2541"]
[BlackElo "2516"]
[Annotator "ChessOrg"]
[PlyCount "127"]

1. e4 e5 2. Nf3 Nc6 3. Bb5 a6 4. Ba4 Nf6 5. O-O Be7 6. Re1 b5 7. Bb3 O-O 8. c3
d6 9. h3 Bb7 10. d4 Re8 11. Nbd2 Bf8 12. a3 g6 13. Ba2 Bg7 14. d5 Ne7 15. b4 a5
16. Nb3 axb4 17. cxb4 Nxe4 18. Rxe4 Bxd5 19. Re2 e4 20. Ng5 Bxa1 21. Nxa1 Bxa2
22. Rxa2 d5 23. Rd2 e3 24. fxe3 Nf5 25. Nf3 Nxe3 26. Qb3 Nc4 27. Rd1 Qd6 28.
Nc2 Qb6+ 29. Nfd4 Re4 30. Kh1 Rae8 31. Qd3 c5 32. bxc5 Qxc5 33. Rf1 Qb6 34. Bg5
f5 35. Rb1 Qd6 36. Nxb5 Qe5 37. Nc3 Nxa3 38. Nxa3 Re1+ 39. Rxe1 Qxe1+ 40. Kh2
Qe5+ 41. Qg3 d4 42. Bf4 Qe1 43. Nd5 Qxg3+ 44. Kxg3 Rd8 45. Ne7+ Kf7 46. Nc6 Rc8
47. Nc4 Kf6 48. Be5+ Kg5 49. N4a5 d3 50. Kf3 Kh5 51. Ke3 g5 52. Kxd3 g4 53.
hxg4+ Kxg4 54. Ke3 Re8 55. Kf2 h5 56. Bh2 h4 57. Ne5+ Kh5 58. Nd3 Rc8 59. Nb3
Rc2+ 60. Kg1 Rc3 61. Nbc1 h3 62. Ne2 Ra3 63. Ndf4+ Kg4 64. Nxh3 1-0

[Event "Bad Woerishofen op"]
[Site "?"]
[Date "2003.??.??"]
[Round "8"]
[White "Levin, Felix"]
[Black "Kritz, Leonid"]
[Result "1/2-1/2"]
[WhiteElo "2523"]
[BlackElo "2484"]
[Annotator "ChessOrg"]
[PlyCount "65"]

1. d4 Nf6 2. c4 e6 3. Nf3 b6 4. g3 Ba6 5. Qb3 d5 6. cxd5 Qxd5 7. Qc2 Bb4+ 8.
Nc3 Nc6 9. Bd2 Bxc3 10. Bxc3 Ne4 11. Bg2 Nxc3 12. Qxc3 Nd8 13. O-O Rc8 14. Rfe1
O-O 15. Ne5 Qd6 16. b4 Bb7 17. Nc4 Qd7 18. Ne5 Qd6 19. Bxb7 Nxb7 20. Nc6 Ra8
21. Rac1 Nd8 22. Ne5 f6 23. Nd3 Rf7 24. Nf4 c6 25. Qb2 Rc8 26. Red1 Rd7 27. Qb3
Rcc7 28. e4 Kf7 29. h4 Qe7 30. d5 Rd6 31. dxe6+ Nxe6 32. b5 cxb5 33. Nd5
1/2-1/2

[Event "Bad Woerishofen op"]
[Site "?"]
[Date "2003.??.??"]
[Round "8"]
[White "Kunin, Vitaly"]
[Black "Miladinovic, Igor"]
[Result "0-1"]
[WhiteElo "2476"]
[BlackElo "2526"]
[Annotator "ChessOrg"]
[PlyCount "66"]

1. d4 d5 2. Nf3 Bf5 3. c4 e6 4. Nc3 Nc6 5. a3 Nf6 6. Bg5 Be7 7. Bxf6 Bxf6 8. e3
Ne7 9. Be2 c6 10. O-O O-O 11. h3 Bg6 12. g4 Nc8 13. c5 Re8 14. Qd2 b6 15. b4
Rb8 16. Rfe1 bxc5 17. bxc5 Be4 18. Ne5 Bxe5 19. dxe5 Bg6 20. Qd4 Qh4 21. Bf1 f6
22. Bg2 Ne7 23. Ra2 Rb3 24. Ne2 Reb8 25. Nf4 Bf7 26. e4 Rb1 27. Rae2 fxe5 28.
Qxe5 Qf6 29. Qxf6 gxf6 30. Nxe6 dxe4 31. Rxe4 Nd5 32. Kh2 Rxe1 33. Rxe1 Re8 0-1

[Event "Bad Woerishofen op"]
[Site "?"]
[Date "2003.??.??"]
[Round "8"]
[White "Fischer, Johann"]
[Black "Gutman, Lev"]
[Result "0-1"]
[WhiteElo "2306"]
[BlackElo "2495"]
[Annotator "ChessOrg"]
[PlyCount "64"]

1. c4 Nf6 2. Nc3 g6 3. e4 Bg7 4. d4 O-O 5. Be2 c6 6. Bg5 d5 7. cxd5 cxd5 8.
Bxf6 Bxf6 9. e5 Bg7 10. Nf3 Nc6 11. Qb3 Bg4 12. Rd1 Bxf3 13. Bxf3 e6 14. Qxb7
Na5 15. Qa6 Rb8 16. b3 Rc8 17. Qd3 Nc6 18. O-O Bh6 19. a3 Qa5 20. Nb5 Rb8 21.
Be2 a6 22. Qh3 Bg7 23. Rc1 Ne7 24. b4 Qb6 25. Nc7 Qxd4 26. Nxa6 Rbc8 27. Nc5
Qxe5 28. Ba6 Rc7 29. Nd3 Qd6 30. Rxc7 Qxc7 31. Rc1 Qd6 32. Nc5 Bd4 0-1

[Event "Bad Woerishofen op"]
[Site "?"]
[Date "2003.??.??"]
[Round "8"]
[White "Kuprejchik, Victor"]
[Black "Buchner, Rudolf"]
[Result "1/2-1/2"]
[WhiteElo "2490"]
[BlackElo "2301"]
[Annotator "ChessOrg"]
[PlyCount "131"]

1. e4 e5 2. Nf3 Nc6 3. Bb5 a6 4. Ba4 Nf6 5. O-O Be7 6. Re1 b5 7. Bb3 d6 8. a4
Bg4 9. c3 O-O 10. h3 Bd7 11. d4 h6 12. Nbd2 Re8 13. Nf1 Bf8 14. d5 Na5 15. Bc2
c6 16. dxc6 Bxc6 17. Ng3 g6 18. h4 Bg7 19. h5 Nxh5 20. Nxh5 gxh5 21. Nh2 bxa4
22. Qxh5 Qf6 23. Bxa4 Bxa4 24. Rxa4 Nb3 25. Ng4 Qg6 26. Nxh6+ Bxh6 27. Qxg6+
fxg6 28. Bxh6 Kf7 29. Re3 Reb8 30. Rc4 Ra7 31. Rf3+ Ke6 32. Bg5 Rf7 33. Rxf7
Kxf7 34. Rc7+ Kg8 35. Rc6 Nc5 36. b4 Nxe4 37. Be3 d5 38. f3 Nxc3 39. Bc5 d4 40.
Rxg6+ Kf7 41. Rd6 Ra8 42. Bb6 Ke7 43. Bc5 Kf7 44. Bb6 Ke7 45. Rc6 Na4 46. Ba5
Kd7 47. Rc7+ Kd6 48. Kf2 Nc3 49. Rc4 Nd5 50. g4 Rh8 51. Rc1 Nc3 52. Kg2 Kd5 53.
Bb6 Rb8 54. Ba5 Kc4 55. Bc7 Re8 56. Kf2 e4 57. fxe4 Rxe4 58. Re1 Rxg4 59. Re6
d3 60. Rc6+ Kxb4 61. Ke3 Rd4 62. Kxd4 d2 63. Rc4+ Kb5 64. Rc5+ Kb4 65. Rc4+ Kb5
66. Rc5+ 1/2-1/2

[Event "Bad Woerishofen op"]
[Site "?"]
[Date "2003.??.??"]
[Round "8"]
[White "Pfrommer, Christoph"]
[Black "Sandipan, Chanda"]
[Result "1/2-1/2"]
[WhiteElo "2290"]
[BlackElo "2464"]
[Annotator "ChessOrg"]
[PlyCount "58"]

1. e4 c5 2. Nf3 e6 3. d4 cxd4 4. Nxd4 Nf6 5. Nc3 d6 6. g4 h6 7. h4 Nc6 8. Rg1
d5 9. Bb5 Bd7 10. exd5 Nxd5 11. Nxd5 exd5 12. Qe2+ Be7 13. Be3 Qa5+ 14. c3 Nxd4
15. Bxd7+ Kxd7 16. Bxd4 Rhe8 17. O-O-O Bxh4 18. Qf3 Qxa2 19. Bxg7 Kc6 20. Bxh6
Re4 21. Be3 Rae8 22. Rh1 Rxe3 23. fxe3 Bg5 24. Rhe1 a5 25. Qxf7 Bxe3+ 26. Kc2
Qc4 27. Kb1 Qe4+ 28. Ka1 Qa4+ 29. Kb1 Qe4+ 1/2-1/2

[Event "Bad Woerishofen op"]
[Site "?"]
[Date "2003.??.??"]
[Round "8"]
[White "Donchenko, Anatoli"]
[Black "Schuette, Marc"]
[Result "1/2-1/2"]
[WhiteElo "2463"]
[BlackElo "2232"]
[Annotator "ChessOrg"]
[PlyCount "81"]

1. Nf3 d5 2. d4 Nc6 3. Bf4 Bg4 4. e3 e6 5. Be2 Nf6 6. Nbd2 Bd6 7. Bg3 Bxf3 8.
gxf3 O-O 9. c4 Re8 10. Qb3 Na5 11. Qc3 Nxc4 12. Nxc4 dxc4 13. Qxc4 Rc8 14.
O-O-O c5 15. dxc5 Rxc5 16. Qxc5 Bxc5 17. Rxd8 Rxd8 18. Rd1 Rxd1+ 19. Kxd1 Kf8
20. Bd3 Ke7 21. Ke2 h6 22. Be5 g6 23. h3 Nd7 24. Bc3 Nf6 25. a3 Nd5 26. Bd2 Bd6
27. f4 f5 28. Bc4 Nb6 29. Bb3 Nd5 30. Kd3 Bc5 31. Bd1 a6 32. Bc1 Kd7 33. Bf3 b5
34. b3 Be7 35. Bd1 Bf6 36. Bd2 Kc6 37. Bf3 Kd6 38. e4 fxe4+ 39. Bxe4 g5 40.
fxg5 Bxg5 41. Bxd5 1/2-1/2

[Event "Bad Woerishofen op"]
[Site "?"]
[Date "2003.??.??"]
[Round "8"]
[White "Kohlweyer, Bernd"]
[Black "Kauch, Markus"]
[Result "1/2-1/2"]
[WhiteElo "2454"]
[BlackElo "2263"]
[Annotator "ChessOrg"]
[PlyCount "38"]

1. Nf3 d6 2. d4 Nf6 3. c4 g6 4. Nc3 Bf5 5. Nh4 Bd7 6. e4 c5 7. d5 e6 8. Nf3
exd5 9. exd5 Bg7 10. Bd3 O-O 11. h3 Re8+ 12. Be3 b5 13. cxb5 a6 14. a4 Bh6 15.
O-O Bxe3 16. fxe3 axb5 17. Bxb5 Bxb5 18. Nxb5 Na6 19. Nd2 Nxd5 1/2-1/2

[Event "Bad Woerishofen op"]
[Site "?"]
[Date "2003.??.??"]
[Round "8"]
[White "Loew, Gerald"]
[Black "Sprenger, Jan"]
[Result "1/2-1/2"]
[WhiteElo "2270"]
[BlackElo "2431"]
[Annotator "ChessOrg"]
[PlyCount "48"]

1. c4 e5 2. g3 Nc6 3. Bg2 g6 4. Nc3 Bg7 5. e4 d6 6. d3 Nge7 7. Nge2 O-O 8. O-O
f5 9. Nd5 h6 10. Be3 g5 11. f3 f4 12. Bf2 fxg3 13. hxg3 Be6 14. d4 Ng6 15. Nxc7
Qxc7 16. d5 Bf7 17. dxc6 bxc6 18. Qc2 Be6 19. c5 dxc5 20. Bxc5 Rfd8 21. Rfd1
Bf8 22. Be3 Bb4 23. Rxd8+ Rxd8 24. Nc3 Ba5 1/2-1/2

[Event "Bad Woerishofen op"]
[Site "?"]
[Date "2003.??.??"]
[Round "8"]
[White "Pirrot, Dieter"]
[Black "Kunz, Konstantin"]
[Result "1-0"]
[WhiteElo "2411"]
[BlackElo "2236"]
[Annotator "ChessOrg"]
[PlyCount "57"]

1. e4 e6 2. d4 d5 3. e5 c5 4. c3 Nc6 5. Nf3 Qb6 6. a3 c4 7. Nbd2 Na5 8. Be2 Bd7
9. O-O Be7 10. Rb1 h5 11. b3 cxb3 12. c4 Ba4 13. Bd3 dxc4 14. Nxc4 Nxc4 15.
Bxc4 Rd8 16. Bxb3 Bxb3 17. Rxb3 Qc6 18. Be3 Nh6 19. Qb1 b6 20. Rc1 Qa8 21. Bxh6
Rxh6 22. Rc7 g5 23. Rbc3 g4 24. Qc1 Rg6 25. Qf4 Qd5 26. Nh4 Qxd4 27. Rxe7+ Kxe7
28. Rc7+ Rd7 29. Qxd4 1-0

[Event "Bad Woerishofen op"]
[Site "?"]
[Date "2003.??.??"]
[Round "8"]
[White "Poulsen, Martin"]
[Black "Dittmar, Peter"]
[Result "1/2-1/2"]
[WhiteElo "2244"]
[BlackElo "2320"]
[Annotator "ChessOrg"]
[PlyCount "82"]

1. e4 c6 2. d4 d5 3. e5 Bf5 4. Be2 Qb6 5. Nf3 e6 6. O-O Nd7 7. c4 dxc4 8. Nbd2
Qc7 9. Nxc4 Nb6 10. Bf4 Nxc4 11. Bxc4 Ne7 12. Rc1 Rd8 13. Qb3 Nd5 14. Bd2 Be7
15. Rfd1 Bg4 16. Be1 Qb6 17. Qc2 Bxf3 18. gxf3 Bg5 19. Rb1 Qc7 20. b4 O-O 21.
Bd3 g6 22. b5 cxb5 23. Qxc7 Nxc7 24. Bb4 Rfe8 25. Bd6 Nd5 26. Bxb5 Nc3 27. Bxe8
Rxe8 28. Kf1 b6 29. a4 Be7 30. Bxe7 Rxe7 31. Rdc1 Nxb1 32. Rxb1 Rd7 33. Rb4 Kg7
34. Rc4 g5 35. Ke2 Kg6 36. Ke3 Kf5 37. Rc8 h5 38. Rh8 Kg6 39. Rg8+ Kh6 40. Rh8+
Kg6 41. Rg8+ Kh6 1/2-1/2

[Event "Bad Woerishofen op"]
[Site "?"]
[Date "2003.??.??"]
[Round "8"]
[White "Peschlow, Patrick"]
[Black "Seifert, Volker"]
[Result "1/2-1/2"]
[WhiteElo "2228"]
[BlackElo "2310"]
[Annotator "ChessOrg"]
[PlyCount "35"]

1. e4 e6 2. d4 d5 3. Nc3 Bb4 4. e5 Ne7 5. a3 Bxc3+ 6. bxc3 c5 7. Qg4 O-O 8. Bd3
Nbc6 9. Nf3 f5 10. exf6 Rxf6 11. Bg5 e5 12. Qh4 e4 13. Bxf6 gxf6 14. Qxf6 exd3
15. Qg5+ Kh8 16. Qf6+ Kg8 17. Qg5+ Kh8 18. Qf6+ 1/2-1/2

[Event "Bad Woerishofen op"]
[Site "?"]
[Date "2003.??.??"]
[Round "8"]
[White "Henrichs, Thomas"]
[Black "Ashton, Adam"]
[Result "1-0"]
[WhiteElo "2438"]
[BlackElo "2175"]
[Annotator "ChessOrg"]
[PlyCount "77"]

1. e4 e5 2. Nf3 Nc6 3. Bb5 a6 4. Ba4 Nf6 5. O-O Be7 6. Re1 b5 7. Bb3 d6 8. c3
O-O 9. h3 Na5 10. Bc2 c5 11. d4 Bb7 12. Nbd2 cxd4 13. cxd4 exd4 14. Nxd4 Re8
15. Nf1 Bf8 16. Ng3 g6 17. Bg5 Bg7 18. Qf3 Rc8 19. Rad1 Qe7 20. b3 Rc5 21. Bf4
Nc6 22. Nxc6 Rxc6 23. Re2 Nd7 24. Red2 Ne5 25. Qe2 Rec8 26. Nf1 Qf6 27. Be3 b4
28. Bd4 a5 29. Bd3 Rc1 30. Ba6 Bxa6 31. Qxa6 Qg5 32. Be3 Qh5 33. Rxd6 R1c7 34.
Rd8+ Rxd8 35. Rxd8+ Bf8 36. Rxf8+ Kxf8 37. Qd6+ Re7 38. Qd8+ Kg7 39. Qxe7 1-0

[Event "Bad Woerishofen op"]
[Site "?"]
[Date "2003.??.??"]
[Round "8"]
[White "Daeubler, Heinrich"]
[Black "Heika, Martin"]
[Result "0-1"]
[WhiteElo "2180"]
[BlackElo "2355"]
[Annotator "ChessOrg"]
[PlyCount "88"]

1. d4 Nf6 2. c4 e6 3. Nf3 b6 4. g3 Ba6 5. Qa4 Bb7 6. Bg2 c5 7. dxc5 Bxc5 8. O-O
O-O 9. Nc3 Qc8 10. Bf4 d5 11. cxd5 Nxd5 12. Nxd5 Bxd5 13. b4 Be7 14. Rac1 Qe8
15. Qc2 Nc6 16. a3 Bxf3 17. Bxf3 Nd4 18. Qe4 Nxf3+ 19. Qxf3 a5 20. Qc6 axb4 21.
axb4 e5 22. Be3 b5 23. Qxe8 Rfxe8 24. Bc5 Bg5 25. Ra1 Red8 26. e3 f5 27. Ra5
Rxa5 28. bxa5 Ra8 29. Bb4 Bd8 30. Rb1 Ra7 31. Ra1 Kf7 32. a6 Ke6 33. Bc5 Ra8
34. e4 fxe4 35. a7 Kd5 36. Be3 Be7 37. Rd1+ Kc6 38. Rc1+ Kb7 39. Rd1 Rd8 40.
Rxd8 Bxd8 41. Kf1 Ba5 42. Ke2 Bc3 43. f4 exf3+ 44. Kxf3 b4 0-1

[Event "Bad Woerishofen op"]
[Site "?"]
[Date "2003.??.??"]
[Round "8"]
[White "Maahs, Erich"]
[Black "Hermann, Manfred"]
[Result "0-1"]
[WhiteElo "2180"]
[BlackElo "2341"]
[Annotator "ChessOrg"]
[PlyCount "48"]

1. e4 e5 2. f4 exf4 3. Bc4 Be7 4. d4 Bh4+ 5. Kf1 d5 6. Bxd5 Nf6 7. Nc3 Nxd5 8.
Nxd5 O-O 9. Nxf4 Re8 10. Qd3 Bf5 11. Be3 Bxe4 12. Qd2 Bxc2 13. Nf3 Be4 14. Nxh4
Qxh4 15. Bf2 Qg5 16. h4 Qb5+ 17. Kg1 Bf5 18. Rc1 Nd7 19. Kh2 Nf6 20. Rc5 Qd7
21. Qc1 Ng4+ 22. Kg3 Nxf2 23. Kxf2 Qxd4+ 24. Kg3 Re3+ 0-1

[Event "Bad Woerishofen op"]
[Site "?"]
[Date "2003.??.??"]
[Round "8"]
[White "Lieb, Harald"]
[Black "Tscharotschkin, Michael"]
[Result "1-0"]
[WhiteElo "2336"]
[BlackElo "2214"]
[Annotator "ChessOrg"]
[PlyCount "99"]

1. d4 d5 2. Nf3 Bf5 3. g3 e6 4. Bg2 Nf6 5. O-O Be7 6. c4 c6 7. Nc3 Nbd7 8. b3
Qa5 9. Bb2 Bb4 10. Qc1 dxc4 11. bxc4 Be7 12. Nd2 e5 13. d5 cxd5 14. Nxd5 Nxd5
15. cxd5 O-O 16. Nc4 Qa6 17. Nxe5 Nxe5 18. Bxe5 Qxe2 19. Re1 Qg4 20. d6 Bg5 21.
f4 Bd8 22. Bxb7 Bb6+ 23. Kh1 f6 24. Bd4 Rac8 25. Qe3 Rc2 26. Bg2 Ba5 27. Bf3
Qh3 28. Re2 Rxe2 29. Qxe2 Bd7 30. Bg2 Qf5 31. Qe4 Rd8 32. Bxa7 Qxe4 33. Bxe4
Re8 34. Bf3 Kf8 35. Rb1 Rd8 36. Rb7 Ke8 37. Bd5 Rc8 38. Rb8 Rxb8 39. Bxb8 Bb4
40. Bc7 Bc5 41. Kg2 Ba4 42. Be6 Bc6+ 43. Kf1 g6 44. g4 g5 45. f5 Bb5+ 46. Ke1
Be3 47. h3 Bc1 48. Kd1 Be3 49. Kc2 Bf4 50. d7+ 1-0

[Event "Bad Woerishofen op"]
[Site "?"]
[Date "2003.??.??"]
[Round "8"]
[White "Thiel, Thomas"]
[Black "Keller, Manfred"]
[Result "1/2-1/2"]
[WhiteElo "2309"]
[BlackElo "2214"]
[Annotator "ChessOrg"]
[PlyCount "28"]

1. e4 e5 2. Nf3 Nc6 3. d4 exd4 4. c3 d5 5. exd5 Qxd5 6. cxd4 Bg4 7. Be2 Bb4+ 8.
Nc3 Bxf3 9. Bxf3 Qc4 10. Bxc6+ bxc6 11. Qe2+ Qxe2+ 12. Kxe2 O-O-O 13. Be3 Ne7
14. a3 Bd6 1/2-1/2

[Event "Bad Woerishofen op"]
[Site "?"]
[Date "2003.??.??"]
[Round "8"]
[White "Baeuml, Ulrich"]
[Black "Hoennekes, Klaus"]
[Result "1/2-1/2"]
[WhiteElo "2176"]
[BlackElo "2089"]
[Annotator "ChessOrg"]
[PlyCount "40"]

1. c4 f5 2. g3 Nf6 3. Bg2 g6 4. Nc3 Bg7 5. e3 O-O 6. Nge2 d6 7. O-O e5 8. d3 c6
9. Rb1 a5 10. a3 Be6 11. b4 axb4 12. axb4 d5 13. cxd5 cxd5 14. Bd2 Nc6 15. b5
Ne7 16. Na4 Bf7 17. Bb4 Re8 18. Qc2 Rc8 19. Qd2 Ra8 20. Qc2 Rc8 1/2-1/2

[Event "Bad Woerishofen op"]
[Site "?"]
[Date "2003.??.??"]
[Round "8"]
[White "Hajenius, Willem"]
[Black "Pitl, Gregory"]
[Result "1/2-1/2"]
[WhiteElo "2017"]
[BlackElo "2280"]
[Annotator "ChessOrg"]
[PlyCount "73"]

1. d4 Nf6 2. c4 e6 3. Nc3 Bb4 4. Bg5 h6 5. Bh4 c5 6. d5 b5 7. cxb5 O-O 8. d6 g5
9. Bg3 Qa5 10. Be5 Ne4 11. Qc2 Bb7 12. f3 f6 13. Bg3 Bxc3+ 14. bxc3 Qxc3+ 15.
Qxc3 Nxc3 16. e4 a6 17. b6 Nc6 18. Kd2 Na4 19. Rb1 Rfb8 20. h4 Bc8 21. hxg5
hxg5 22. e5 Nxb6 23. Nh3 Nd5 24. Rxb8 Rxb8 25. exf6 Rb2+ 26. Kc1 Rxa2 27. Nxg5
Nxf6 28. Kb1 Rd2 29. Kc1 Ra2 30. Kb1 Rd2 31. Kc1 Rd4 32. Rh4 Nd5 33. Ne4 Ne3
34. Be2 Nf5 35. Rg4+ Kf8 36. Bf2 Ra4 37. Bxc5 1/2-1/2

[Event "Bad Woerishofen op"]
[Site "?"]
[Date "2003.??.??"]
[Round "8"]
[White "Schuette, Manfred"]
[Black "Neubauer, Ralf"]
[Result "1-0"]
[WhiteElo "2280"]
[BlackElo "2056"]
[Annotator "ChessOrg"]
[PlyCount "61"]

1. c4 e5 2. Nc3 Nc6 3. Nf3 d6 4. d4 exd4 5. Nxd4 Nge7 6. Nd5 Nxd4 7. Qxd4 Nc6
8. Qc3 Be6 9. e4 Qd7 10. Be3 f6 11. Be2 Be7 12. Bh5+ Bf7 13. Be2 a6 14. O-O O-O
15. b4 Bd8 16. b5 Ne7 17. a4 Nc8 18. Rfd1 b6 19. Bd4 Bg6 20. Bd3 a5 21. f4 h6
22. e5 Bxd3 23. Rxd3 Ne7 24. Ne3 Nf5 25. exd6 Nxd6 26. c5 Ne4 27. Qc2 Qe6 28.
f5 Qf7 29. cxb6 cxb6 30. Qc6 Re8 31. Qxa8 1-0

[Event "Bad Woerishofen op"]
[Site "?"]
[Date "2003.??.??"]
[Round "8"]
[White "Medancic, Rikard"]
[Black "Akstinat, Sven-Holger"]
[Result "0-1"]
[WhiteElo "2268"]
[BlackElo "1987"]
[Annotator "ChessOrg"]
[PlyCount "102"]

1. b3 e5 2. Bb2 Nc6 3. e3 Nf6 4. Bb5 d6 5. Bxc6+ bxc6 6. d3 Be7 7. Qf3 Bd7 8.
Ne2 O-O 9. Nd2 a5 10. a4 Nd5 11. d4 Nb4 12. O-O-O exd4 13. Nxd4 c5 14. Nf5 Bf6
15. Nh6+ Kh8 16. Bxf6 Qxf6 17. Qxf6 gxf6 18. g4 Bc6 19. Rhg1 Rfe8 20. Rg3 Re6
21. Rdg1 Rb8 22. g5 f5 23. Nxf7+ Kg7 24. Nh6 Rf8 25. f4 d5 26. Nf3 Be8 27. Ne5
d4 28. Re1 Nd5 29. exd4 cxd4 30. Kd2 Nxf4 31. Nc4 Rxe1 32. Kxe1 Ne6 33. h4 f4
34. Rd3 Bh5 35. Nd2 Bg6 36. Rf3 Bxc2 37. Ng4 Rf5 38. Nf2 Re5+ 39. Kf1 Re3 40.
Rh3 Nc5 41. Nc4 Rxh3 42. Nxh3 Bd3+ 43. Ke1 Bxc4 44. bxc4 Nxa4 45. Nxf4 Nc5 46.
Kd1 a4 47. h5 a3 48. Kc1 d3 49. h6+ Kg8 50. Nxd3 Nxd3+ 51. Kb1 Nb4 0-1

[Event "Bad Woerishofen op"]
[Site "?"]
[Date "2003.??.??"]
[Round "8"]
[White "Babar, Frank"]
[Black "Kugelmann, Joachim"]
[Result "0-1"]
[WhiteElo "2240"]
[BlackElo "1922"]
[Annotator "ChessOrg"]
[PlyCount "62"]

1. e4 e5 2. Nf3 Nf6 3. Nc3 Bb4 4. d3 Nc6 5. Be2 d6 6. Bg5 h6 7. Bh4 a6 8. Qd2
Nd4 9. a3 Bxc3 10. Qxc3 Nxf3+ 11. Bxf3 g5 12. Bg3 g4 13. Be2 Nh5 14. O-O-O c5
15. Bxe5 Qg5+ 16. Kb1 Qxe5 17. d4 cxd4 18. Rxd4 Nf4 19. Bc4 Be6 20. g3 Ng6 21.
Bxe6 Qxe6 22. h3 Rc8 23. Qd2 Rc6 24. hxg4 Ne5 25. Rd5 Nc4 26. Qd4 Rg8 27. f4
Qxg4 28. Rxh6 Qe2 29. Qa7 Nxa3+ 30. Ka2 Qxc2 31. Kxa3 Rxg3+ 0-1

[Event "Bad Woerishofen op"]
[Site "?"]
[Date "2003.??.??"]
[Round "8"]
[White "Poettinger, Harald"]
[Black "Lotsov, Har-Zahar"]
[Result "1-0"]
[WhiteElo "2230"]
[BlackElo "2039"]
[Annotator "ChessOrg"]
[PlyCount "59"]

1. d4 d5 2. Nf3 Nf6 3. c4 dxc4 4. e3 e6 5. Bxc4 a6 6. a4 c5 7. O-O Nc6 8. Qe2
b6 9. Nc3 Bb7 10. Rd1 Qc7 11. d5 exd5 12. Bxd5 Be7 13. e4 O-O 14. e5 Ne8 15.
Qe4 Rd8 16. Ng5 g6 17. Qh4 h5 18. Qe4 Kg7 19. Bf4 Qc8 20. Rd2 Qf5 21. Qxf5 gxf5
22. e6 Bd6 23. Bxd6 Rxd6 24. Nxf7 Rxf7 25. exf7 Nf6 26. Rad1 Nxd5 27. Rxd5 Rg6
28. Rxf5 Kf8 29. Rxh5 Nd4 30. Rh8+ 1-0

[Event "Bad Woerishofen op"]
[Site "?"]
[Date "2003.??.??"]
[Round "8"]
[White "Belic, Robert"]
[Black "Werner, Clemens"]
[Result "0-1"]
[WhiteElo "1986"]
[BlackElo "2334"]
[Annotator "ChessOrg"]
[PlyCount "94"]

1. e4 c5 2. Nf3 d6 3. d3 g6 4. g3 Bg7 5. Bg2 Bg4 6. h3 Bxf3 7. Qxf3 Nc6 8. c3
Nf6 9. a4 Qc7 10. Nd2 O-O 11. O-O a6 12. Nc4 Nd7 13. Qe2 b5 14. axb5 axb5 15.
Rxa8 Rxa8 16. Ne3 e6 17. f4 Ra2 18. f5 Nde5 19. fxe6 fxe6 20. Ng4 Nxg4 21. Qxg4
Qe7 22. h4 Ne5 23. Qe2 Nd7 24. Qf3 b4 25. Qd1 bxc3 26. Qb3 Rxb2 27. Bxb2 cxb2
28. Bh3 Nf8 29. Qb8 Bd4+ 30. Kg2 Kg7 31. Kh1 h6 32. Qc8 Be5 33. Kg2 h5 34. Qb8
g5 35. hxg5 Nh7 36. g6 Ng5 37. Rf2 Kxg6 38. Rxb2 Bxb2 39. Qxb2 Qf6 40. Qe2 Qa1
41. g4 h4 42. Qe3 Qd1 43. Kf2 Nxh3+ 44. Qxh3 Qd2+ 45. Kg1 Qe1+ 46. Kg2 Qe2+ 47.
Kg1 Kg5 0-1

[Event "Bad Woerishofen op"]
[Site "?"]
[Date "2003.??.??"]
[Round "8"]
[White "Wiedermann, Franz"]
[Black "Minnebo, Alain"]
[Result "0-1"]
[WhiteElo "2130"]
[BlackElo "2262"]
[Annotator "ChessOrg"]
[PlyCount "64"]

1. d4 Nf6 2. c4 c5 3. d5 g6 4. Nc3 d6 5. Nf3 Bg7 6. h3 O-O 7. e4 e6 8. Bd3 exd5
9. cxd5 Na6 10. O-O Re8 11. Bf4 Nc7 12. Nd2 Nh5 13. Bh2 Bh6 14. f4 Qf6 15. e5
Qh4 16. Nf3 Qd8 17. exd6 Qxd6 18. f5 Bf4 19. Bxf4 Qxf4 20. Re1 Ng3 21. Rxe8+
Nxe8 22. fxg6 hxg6 23. Qd2 Nh5 24. Ne4 b6 25. Bb5 Bf5 26. Bc6 Rd8 27. Re1 Qxd2
28. Nfxd2 Bxe4 29. Rxe4 Nef6 30. Re7 Nxd5 31. Rxa7 Nb4 32. Ra8 Nxc6 0-1